000 00904nam a22001937a 4500
005 20251029090324.0
008 s2515 th tha d
040 _aNALT
041 _atha
050 _aDS 570.6
_bด6พ7 2515
100 0 _aพูนพิศมัย ดิศกุล,
_cม.จ.
_914456
245 1 0 _aชีวิตและงานสมเด็จกรมพระยาดำรงราชานุภาพ /
_cม.จ.หญิงพูนพิศมัย ดิศกุล.
260 _aพระนคร :
_bบรรณาคาร,
_c2515.
300 _a403 หน้า ;
_b
_c19 ซม.
600 0 0 _aดำรงราชานุภาพ,
_cสมเด็จพระเจ้าบรมวงศ์เธอ กรมพระยา,
_d2405-2486
_922248
850 _aNALT
856 4 0 _uhttps://hdl.handle.net/20.500.14156/448440
942 _cRRB
_2lcc
999 _c6695
_d6695
998 _j4612
_k นางสาววัลยา พุ่มต้นวงค์